00390nam a22001337a 450000500170000000800410001702000150005804000130007308200190008624500790010526000480018430000160023254600080024820250110094352.0250110b |||||||| |||| 00| 0 eng d a0195658507 cPK-LaUMT a954.0359bPAR- aThe partition omnibus :bthe origins of the partition of India 1936-1947 / aNew Dehli :bOxford University Press,c2002 avar + 349 p aEng